| 000 | 00439nam a2200157 i 4500 | ||
|---|---|---|---|
| 001 | 21409 | ||
| 003 | ES-MaACL | ||
| 005 | 20230906152455.0 | ||
| 007 | t| | ||
| 008 | 021125q19521957sp ||||1| spa d | ||
| 245 | 0 | 0 | _aAdministración Fiscal de Hacienda y Comercio. |
| 250 | _a2ª ed. | ||
| 260 |
_aMadrid : _b[s.n., _c195?] ( _eValencia : _fImp. V. Bayarri) |
||
| 300 |
_aXIII, 122 p. ; _c20 cm. |
||
| 852 |
_aES-MaACL _j1965-F-11 _bR.37456 |
||
| 999 |
_c21409 _d21409 |
||